000 00206nam a22000977a 4500
999 _c15926
_d15926
003 OSt
008 191023b ||||| |||| 00| 0 eng d
100 _aChacko,V C.
_94408
245 _akadinte Vili
942 _cBK